Meilleurs buteurs du Paris Saint-Germain - Statistiques

Statistiques générales
  • Ce quiz a été pris 913 fois
  • Le résultat moyen est 11 sur 30
Statistiques - réponses
Buts Joueur % Correct
171 Kylian Mbappé
100%
200 Edinson Cavani
97%
156 Zlatan Ibrahimovic
96%
100 Neymar Jr
91%
92 Angel Di Maria
78%
109 Pedro Miguel Pauleta
76%
45 Javier Pastore
55%
35 Ezequiel Lavezzi
54%
46 Lucas Moura
50%
36 Marquinhos
49%
33 Blaise Matuidi
46%
72 Rai
42%
38 Mauro Icardi
38%
44 David Ginola
35%
55 George Weah
35%
48 Nenê
35%
56 Guillaume Hoarau
34%
100 Dominique Rocheteau
24%
85 Safet Susic
21%
39 Luis Fernandez
17%
98 Mustapha Dahleb
17%
37 Peguy Luyindula
12%
95 François M'pelé
9%
71 Carlos Bianchi
8%
36 Patrice Loko
7%
43 Nabatingue Toko
5%
35 Dominique Bathenay
4%
34 Laurent Robert
4%
42 Christian André
3%
35 Eric Renaut
2%
Aucun quiz correspondant
Distribution des résultats
% des personnes avec chaque résultat
Percentile par nombre de réponses
Votre historique - résultats
Vous n’avez pas pris ce quiz